01177nam a2200241Ia 4500003000900000005001700009008004100026040003100067040001300098041000800111100004900119245006000168260003100228300001000259300001000269490004300279490000600322500010500328520029000433942001200723999001700735952018300752IT-RoPAU20220918175927.0120407s9999 xx 000 0 und d aIT-RoPAUc20140729095814.0 cIT-RoPAU aita a Esposito F. Rosario - Pierini Franco933919 aLe Suore di Gesù Buon Pastore nella Famiglia Paolina. c1985aRoma bEd. Cicinelli a79 p. c24 cm aEstratto da un “Carisma Pastorale” v1 aEstratto da: Un carisma pastorale La proposta di Giacomo Alberione alle Suore di Gesù Buon Pastore aIndice La pastorale: opzione fondamentale nella vita e nel pensiero di Don G. Alberione, di Rosario F. Esposito Profilo storico delle Suore di Gesù Buon Pastore. Traccia di indagine, di Franco Pierini Lo specifico paolino delle Suore di Gesù Buon Pastore, di Rosario F. Esposito  cBK2ddc c36788d36788 00102ddc406P_E171aPAULUSbPAULUSd2012-04-11l0oP E1r2012-04-11 00:00:00w2012-04-11yBKzInserito da: Sergio In data: 27 settembre 2011 fondo: Via A.Severo 56 Progr:23862